Statistiques concernant Pays les plus proches de l'Irlande - une minute sprint

Cliquez ici pour prendre le quiz!

Statistiques générales

  • Ce quiz a été pris 60 fois
  • Le résultat moyen est 17 sur 20

Statistiques - réponses

kmpays% Correct
0Royaume-Uni
100%
413France
98%
622Belgique
94%
861Espagne
94%
668Pays-Bas
94%
821Allemagne
92%
925Danemark
92%
1177Suède
92%
1068Islande
90%
839Norvège
90%
1088Suisse
88%
1192Italie
85%
881Luxembourg
85%
1036Portugal
83%
1253Autriche
77%
1212Andorre
75%
1388Monaco
75%
1264Liechtenstein
69%
1331Pologne
69%
1281Tchèquie
52%

Distribution des résultats

Percentile par nombre de réponses

% des personnes avec chaque résultat

Votre développement - résultats

Vous n’avez pas pris ce quiz